Library of the University of Algiers 3
Ibrahim Sultan Cheibout
شعار جامعة الجزائر 3
مكتبة جامعة الجزائر 3
إبراهيم سلطان شيبوط

العلاقات الإقتصادية الدولية : (رقم التسجيلة. 42647)

تفاصيل مارك
000 -LEADER
fixed length control field 02916nam a2200229Ia 4500
003 - CONTROL NUMBER IDENTIFIER
control field Ost
005 - DATE AND TIME OF LATEST TRANSACTION
control field 20260507075051.0
008 - FIXED-LENGTH DATA ELEMENTS--GENERAL INFORMATION
fixed length control field 260507s9999||||xx |||||||||||||| ||und||
040 ## - CATALOGING SOURCE
Transcribing agency fsecg
041 ## - LANGUAGE CODE
Language code of text/sound track or separate title ara
082 ## - DEWEY DECIMAL CLASSIFICATION NUMBER
Classification number 337
100 ## - MAIN ENTRY--PERSONAL NAME
Personal name حشيش، عادل أحمد
Relator term مؤلف
245 #0 - TITLE STATEMENT
Title العلاقات الإقتصادية الدولية :
Remainder of title دراسة لمظاهر ومشكلات الاقتصاد الدولى المعاصر وفقا للتطورات الطائلة على النظام الاقتصادى العالمى الجديد والمستجدات ذات العلاقة بمعالمه النقدية والمالية والتجارية /
Statement of responsibility, etc. عادل أحمد حشيش
260 ## - PUBLICATION, DISTRIBUTION, ETC.
Place of publication, distribution, etc. الإسكندرية:
Name of publisher, distributor, etc. دار الجامعة الجديدة للنشر,
Date of publication, distribution, etc. 2000
300 ## - PHYSICAL DESCRIPTION
Extent 371 صفحة؛
Other physical details إيضاحات ؛
Dimensions 24 سم
504 ## - BIBLIOGRAPHY, ETC. NOTE
Bibliography, etc. note بيبليوغرافيا: ص.350- 355
520 ## - SUMMARY, ETC.
Summary, etc. ماهية وأهمية العلاقات الإقتصادية الدولية ومدى تميزها عن علاقات الإقتصاد الداخلي- أسس قيام التبادل الدولي فيما بين مختلف الدول والأهمية النسبية للتجارة الخارجية بالنسبة للإقتصاد القومي- الملامح والخصائص المحددة لطبيعة الإقتصاد العالمي المعاصر بمرعاة التطورات الطارئة على العلاقات الإقتصادية الدولية- تسجيل المعاملات الإقتصادية المترتبة على قيام التبادل الدولي بواسطة ميزان الدائنية والمديونية وميزان المدفوعات الدولية- تسوية المدفوعت الدولية من خلال سوق الصرف الأجنبي والنظم المتعارف عليها في تحديد أسعار العملات في هذه السوق- السيولة الدولية ودور صندوق النقد الدولي المتعلق بحل ما تثيره من مشكلات وما تتضمنه تسوية مدفوعات الدول المتقدمة والبلدان النامية- تمويل احتياجات التعمير والتنمية من خلال المؤسسات التابعة للبنك الدولي- السياسات التجارية الحاكمة للمبادلات الدولية واختلاف مضمونها بأختلاف النظم والأوضاع الإقتصادية السائدة- الوسائل والأساليب الفنية- اتفاقيات تحرير التجارة والمبادلات الدولية المعروفة بالنظام الجات- منظمة التجارة العالمية والمهام المسندة اليها في إدارة وتسيير المبادلات الدولية
653 ## - INDEX TERM--UNCONTROLLED
Uncontrolled term إقتصاد دولي
653 ## - INDEX TERM--UNCONTROLLED
Uncontrolled term التجارة الخارجية
653 ## - INDEX TERM--UNCONTROLLED
Uncontrolled term صندوق النقد الدولي
942 ## - ADDED ENTRY ELEMENTS (KOHA)
Koha item type كتب
المقتنيات
Withdrawn status Lost status Source of classification or shelving scheme Damaged status Not for loan Home library Current library Date acquired Serial enumeration / chronology Inventory number Total checkouts Full call number Barcode Date last seen Price effective from Koha item type
    Dewey Decimal Classification   NOT LOAN / إعارة داخلية مكتبة كلية العلوم الإقتصادية والعلوم التجارية وعلوم التسيير مكتبة كلية العلوم الإقتصادية والعلوم التجارية وعلوم التسيير 07/05/2026 الطابق الأرضي 403/1   أ/403ن1 403/1 07/05/2026 07/05/2026 كتب
    Dewey Decimal Classification   Available مكتبة كلية العلوم الإقتصادية والعلوم التجارية وعلوم التسيير مكتبة كلية العلوم الإقتصادية والعلوم التجارية وعلوم التسيير 07/05/2026 الطابق الأرضي 403/2   أ/403ن2 403/2 07/05/2026 07/05/2026 كتب
    Dewey Decimal Classification   Available مكتبة كلية العلوم الإقتصادية والعلوم التجارية وعلوم التسيير مكتبة كلية العلوم الإقتصادية والعلوم التجارية وعلوم التسيير 07/05/2026 الطابق الثاني 403/3   أ/403ن3 403/3 07/05/2026 07/05/2026 كتب

موارد الويب المفتوحة


© University of Algiers 3 All Rights Reserved
|
Implemented by LECHELAH Riad